[Event "Serra CRXC 1st"]
[Site "Serra"]
[Date "2018.05.06"]
[Round "10"]
[White "Silva Ribeiro, Robson"]
[Black "Vieira, Paulo Cesar"]
[Result "0-1"]
[WhiteElo "1650"]
[BlackElo "1837"]
[PlyCount "114"]
[EventDate "2018.04.20"]
[EventType "tourn"]
[EventRounds "10"]
[EventCountry "BRA"]
[SourceTitle "EXT 2019"]
[Source "ChessBase"]
[SourceDate "2018.10.10"]
[SourceVersion "1"]
[SourceVersionDate "2018.10.10"]
[SourceQuality "1"]

1. d4 Nf6 2. c4 g6 3. Nf3 Bg7 4. e3 0-0 5. Nbd2 d6 6. Be2 Nbd7 7. 0-0 e5 8. d5 a5 9. e4 Nc5 10. Qc2 Ne8 11. Nb3 Nxb3 12. axb3 f5 13. Bd3 f4 14. b4 g5 15. g3 Bh3 16. Rd1 fxg3 17. Nxg5 gxf2+ 18. Kh1 f1Q+ 19. Bxf1 Rxf1+ 20. Rxf1 Bxf1 21. Be3 Qf6 22. Kg1 h6 23. Rxf1 Qg6 24. Rf5 axb4 25. Qg2 Ra1+ 26. Kf2 Rb1 27. Nf3 Rxb2+ 28. Nd2 Qxg2+ 29. Kxg2 Nf6 30. h3 Nd7 31. Rf2 c5 32. dxc6 bxc6 33. Nf3 Rxf2+ 34. Kxf2 c5 35. Ke2 Kh7 36. Nh4 Nb6 37. Kd3 Na4 38. Bc1 Bf8 39. Kc2 Nb6 40. Kd3 Na8 41. Be3 Nc7 42. Kc2 Ne6 43. Nf5 Kg6 44. h4 Nd4+ 45. Bxd4 exd4 46. Ng3 Kf6 47. Ne2 Ke5 48. Kd3 Bg7 49. Ng3 Kf4 50. Nh5+ Kg4 51. Nxg7 Kxh4 52. Nf5+ Kg5 53. Nxd6 Kf4 54. Nb7 h5 55. Nxc5 h4 56. Ne6+ Kg4 57. Ke2 b3 0-1

[Event "Serra CRXC 1st"]
[Site "Serra"]
[Date "2018.05.04"]
[Round "6"]
[White "Silva Ribeiro, Robson"]
[Black "Oliveira, Alberty Rogher"]
[Result "1/2-1/2"]
[WhiteElo "1650"]
[BlackElo "2088"]
[PlyCount "79"]
[EventDate "2018.04.20"]
[EventType "tourn"]
[EventRounds "10"]
[EventCountry "BRA"]
[SourceTitle "EXT 2019"]
[Source "ChessBase"]
[SourceDate "2018.10.10"]
[SourceVersion "1"]
[SourceVersionDate "2018.10.10"]
[SourceQuality "1"]

1. d4 d5 2. c4 e5 3. dxe5 d4 4. a3 Nc6 5. e3 Nge7 6. Nf3 Bg4 7. h3 Bxf3 8. Qxf3 Ng6 9. e6 fxe6 10. Qe4 Qf6 11. exd4 0-0-0 12. Be3 Nxd4 13. Nc3 Nb3 14. Rd1 Bxa3 15. Rxd8+ Rxd8 16. Qc2 Na1 17. Qc1 Nb3 18. Qc2 Bc5 19. Ne4 Bb4+ 20. Nc3 Nd4 21. Bxd4 Qxd4 22. Be2 Nf4 23. 0-0 Bxc3 24. bxc3 Qxc3 25. Qe4 Nxe2+ 26. Qxe2 Qf6 27. Re1 Rd4 28. c5 e5 29. Qa2 Rd8 30. Qxa7 Qa6 31. Qxa6 bxa6 32. Rxe5 Kb7 33. Re7 Rg8 34. Kf1 Kc6 35. Ke2 Kxc5 36. Rxc7+ Kb4 37. Kd2 a5 38. Kc2 Re8 39. Rb7+ Ka3 40. Rxg7 1/2-1/2

[Event "Praia do Morro Guarapari op"]
[Site "Praia do Morro"]
[Date "2017.04.15"]
[Round "3"]
[White "Silva, Samuel Teixeira"]
[Black "Silva Ribeiro, Robson"]
[Result "0-1"]
[WhiteElo "1765"]
[BlackElo "1800"]
[PlyCount "88"]
[EventDate "2017.04.14"]
[EventType "swiss"]
[EventRounds "6"]
[EventCountry "BRA"]
[SourceTitle "CBM 177 Extra"]
[Source "ChessBase"]
[SourceDate "2017.04.27"]
[SourceVersion "1"]
[SourceVersionDate "2017.04.27"]
[SourceQuality "1"]

1. e4 c5 2. Nf3 Nc6 3. d4 cxd4 4. Nxd4 e5 5. Nb3 Nf6 6. Nc3 Be7 7. Bc4 0-0 8. 0-0 a6 9. Re1 b5 10. Be2 d6 11. Bg5 Bb7 12. Bf3 Rc8 13. Qd2 b4 14. Ne2 Nxe4 15. Bxe7 Nxd2 16. Bxd8 Nxf3+ 17. gxf3 Rfxd8 18. Rad1 Ne7 19. c3 bxc3 20. Nxc3 Bxf3 21. Rd3 Ba8 22. Red1 d5 23. Na1 d4 24. Na4 Bc6 25. Nc5 Bb5 26. Nb7 Rd7 27. Nc5 Rxc5 28. R3d2 Rdc7 29. Nb3 Rc2 30. Rxc2 Rxc2 31. Re1 Re2 32. Kf1 Rxb2+ 33. Kg1 Re2 34. Rxe2 Bxe2 35. Nc5 d3 36. Nxd3 Bxd3 37. f3 f6 38. Kf2 Kf7 39. Ke3 Bb1 40. a3 Ke6 41. h4 Nd5+ 42. Kd2 Kf5 43. Ke2 Kf4 44. Kf2 Bc2 0-1

[Event "Praia do Morro Guarapari op"]
[Site "Praia do Morro"]
[Date "2017.04.14"]
[Round "2"]
[White "Silva Ribeiro, Robson"]
[Black "Da Matta, Eduardo Cesar"]
[Result "0-1"]
[WhiteElo "1800"]
[BlackElo "1902"]
[PlyCount "60"]
[EventDate "2017.04.14"]
[EventType "swiss"]
[EventRounds "6"]
[EventCountry "BRA"]
[SourceTitle "CBM 177 Extra"]
[Source "ChessBase"]
[SourceDate "2017.04.27"]
[SourceVersion "1"]
[SourceVersionDate "2017.04.27"]
[SourceQuality "1"]

1. d4 Nf6 2. Nf3 d5 3. e3 e6 4. b3 c5 5. Bb2 Nc6 6. Nbd2 Bd6 7. c4 0-0 8. Be2 b6 9. 0-0 Bb7 10. Rc1 cxd4 11. Nxd4 Nxd4 12. Bxd4 e5 13. Bb2 Qe7 14. cxd5 Nxd5 15. Nc4 Rfd8 16. Nxd6 Rxd6 17. Ba3 Qg5 18. g3 Rh6 19. Rc4 Nxe3 20. fxe3 Qxe3+ 21. Rf2 Rxh2 22. Kxh2 Qxf2+ 23. Kh3 Bg2+ 24. Kg4 f5+ 25. Kh4 f4 26. Rc3 fxg3 27. Bf3 Bxf3 28. Qxf3 Qh2+ 29. Kg5 Rd8 30. Rd3 Qh6+ 0-1